Jefes de Estado de España - Estadísticas

Estadísticas generales
  • Esta prueba ha sido intentada 118 veces
  • La puntuación promedio es 20 de 30
Estadísticas de respuestas
Años Jefe de Estado % Correcto
1700-1724 Felipe V
99%
1724-1746 Felipe V
99%
1479-1516 Los Reyes Católicos
98%
2014- Felipe VI
95%
1516-1556 Carlos I
94%
1556-1598 Felipe II
93%
1975-2014 Juan Carlos I
93%
1665-1700 Carlos II
90%
1621-1665 Felipe IV
90%
1759-1788 Carlos III
88%
1788-1808 Carlos IV
88%
1598-1621 Felipe III
88%
1939-1975 Francisco Franco
86%
1874-1885 Alfonso XII
84%
1833-1868 Isabel II
83%
1886-1931 Alfonso XIII
80%
1746-1759 Fernando VI
77%
1808 Fernando VII
75%
1814-1833 Fernando VII
75%
1870-1873 Amadeo I
66%
1808-1813 José I
64%
1724 Luis I
54%
1936-1939 Manuel Azaña
51%
1931-1936 Niceto Alcalá Zamora
34%
1873 Francisco Pi y Margall
17%
1873 Nicolás Salmerón
16%
1873-1874 Emilio Castelar
14%
1873 Estanislao Figueras
11%
1868-1870 Período de Regencia
4%
1885-1886 Período de Regencia
4%
No se encontraron pruebas coincidentes
Distribución de puntuación
Porcentaje de gente con cada puntuación
Porcentaje por número respondido
Historial de tus puntuaciones
No has intentado esta prueba.